|
|
|
|
| LEADER |
00000nam a22000007a 4500 |
| 005 |
2021090700340.0 |
| 007 |
cr|||| |||| |
| 008 |
210907s2020 eu |||||s|||| 00||0 eng d |
| 020 |
|
|
|a 978-92-76-21443-4
|
| 035 |
|
|
|a 33916
|
| 040 |
|
|
|a vLex
|
| 090 |
|
|
|c 12299
|d 12299
|
| 100 |
1 |
|
|a Karlos, Vasilis
|
| 245 |
1 |
0 |
|a Guideline, building perimeter protection
|h [Recurso electrn̤ico] :
|b Design recommendations for enhanced security against terrorist attacks guideline /
|c Vasilis Karlos, Martin Larcher
|
| 256 |
|
|
|a Servicio en ln̕ea
|
| 260 |
|
|
|a Bruselas:
|b European Union Publications Office,
|c 2020
|
| 300 |
|
|
|a 1 recurso electrn̤ico
|
| 506 |
1 |
|
|a Disponible solo en los productos indicados
|d vLex Global
|d vLex Global (Academic Edition, excluding Law Schools)
|d vLex Global (U.S. Academic Edition, Law Schools)
|d vLex Global (U.S. Academic Edition, excluding Law Schools)
|d vLex Global (Academic Edition, Law Schools)
|
| 650 |
0 |
4 |
|a Derecho Comunitario
|z Unin̤ Europea
|
| 650 |
0 |
4 |
|a Defensa
|z Unin̤ Europea
|
| 700 |
1 |
|
|4 Larcher, Martin
|
| 740 |
0 |
|
|a vLex Libros (Servicio en ln̕ea)
|
| 856 |
4 |
0 |
|u https://app.vlex.com/#/sources/33916
|z Acceso restringido
|
| 942 |
|
|
|c BOOK
|
| 999 |
0 |
|
|a Community Law
|
| 999 |
0 |
|
|a Defense
|